[Event "AUTO-MASTER-3288"]
[Site "http://www.queenalice.com/game.php?id=1865522"]
[Date "2025.11.13"]
[Round "1"]
[White "IranSilva"]
[Black "luhosavi"]
[Result "0-1"]
[WhiteElo "2187"]
[BlackElo "2291"]

1. Nf3 Nf6 2. g3 g6 3. Bg2 Bg7 4. d4 O-O 5. O-O d6 6. Bg5 Nbd7 7. Nc3 c6 8. e4
b5 9. e5 b4 10. exf6 exf6 11. Bf4 bxc3 12. Bxd6 cxb2 13. Rb1 Re8 14. Rxb2 Nb6
15. Bf4 Nd5 16. Bd2 Be6 17. c4 Nb6 18. Qc1 Nxc4 19. Rc2 Nxd2 20. Qxd2 Bd5 21.
Ne1 f5 22. Qc3 Rc8 23. Nd3 Bxg2 24. Kxg2 Qd5+ 25. Kg1 Bxd4 26. Qc4 Qxc4 27. Rxc4
c5 28. Rfc1 Red8 29. R1c2 Rd5 30. Nc1 g5 31. Nb3 Be5 32. Nxc5 f4 33. Ne4 Rxc4
34. Rxc4 f3 35. h3 h6 36. Rc2 Rd1+ 37. Kh2 f5 38. Nd2 g4 39. Nc4 Bd4 40. Nd6
Bxf2 41. Nxf5 Bg1+ 42. Kh1 Bb6+ 43. Kh2 f2 0-1

[Event "AUTO-MASTER-3288"]
[Site "http://www.queenalice.com/game.php?id=1865523"]
[Date "2025.11.13"]
[Round "1"]
[White "luhosavi"]
[Black "IranSilva"]
[Result "1-0"]
[WhiteElo "2279"]
[BlackElo "2277"]

1. d4 d5 2. Nf3 Nf6 3. e3 Bf5 4. Bd3 Ne4 5. O-O Nd7 6. b3 Ndf6 7. Bb2 e6 8. c4
Be7 9. Ne5 O-O 10. f3 Nd6 11. c5 Nc8 12. Nc3 Bxd3 13. Qxd3 Nd7 14. f4 f6 15.
Nxd7 Qxd7 16. f5 e5 17. dxe5 fxe5 18. Qxd5+ Qxd5 19. Nxd5 Bd8 20. Bxe5 c6 21.
Nc7 Bxc7 22. Bxc7 Ne7 23. Bd6 Rf7 24. e4 Re8 25. Rae1 Kh8 26. g4 Ng8 27. e5 b6
28. b4 Ne7 29. e6 Rf6 30. g5 Rxf5 31. Bxe7 Rxf1+ 32. Rxf1 Kg8 33. Bd6 1-0

[Event "AUTO-MASTER-3288"]
[Site "http://www.queenalice.com/game.php?id=1865538"]
[Date "2025.11.13"]
[Round "1"]
[White "luhosavi"]
[Black "Donidon"]
[Result "1/2-1/2"]
[WhiteElo "2238"]
[BlackElo "2184"]

1. d4 Nf6 2. Nf3 d5 3. e3 e6 4. Bd3 Bd6 5. O-O O-O 6. b3 c5 7. Bb2 Nc6 8. c4
cxd4 9. Nxd4 e5 10. Nxc6 bxc6 11. cxd5 cxd5 12. Nc3 Bb7 13. Rc1 Re8 14. Nb5 Bb8
15. Nc3 d4 16. Na4 dxe3 17. fxe3 Qd5 18. e4 Qd6 19. Bb5 Rd8 20. Qxd6 Bxd6 21.
Nc5 Bxe4 22. Nxe4 Nxe4 23. Bc6 Bc5+ 24. Rxc5 Nxc5 25. Bxa8 Rxa8 26. Bxe5 Nd3 27.
Bd4 Nb4 28. a3 Nc2 29. Bb2 Ne3 30. Re1 Nd5 31. Kf2 1/2-1/2

[Event "AUTO-MASTER-3288"]
[Site "http://www.queenalice.com/game.php?id=1865539"]
[Date "2025.11.13"]
[Round "1"]
[White "Donidon"]
[Black "luhosavi"]
[Result "0-1"]
[WhiteElo "2242"]
[BlackElo "2242"]

1. d4 Nf6 2. c4 e6 3. Nc3 d5 4. Nf3 Be7 5. e4 dxe4 6. Ng5 O-O 7. Ngxe4 Nbd7 8.
Bd3 c5 9. d5 exd5 10. cxd5 Nxe4 11. Bxe4 Nf6 12. Bf3 Bd6 13. O-O a6 14. Bg5 h6
15. Be3 b5 16. a3 Bf5 17. a4 Rb8 18. axb5 axb5 19. Ne2 Qc7 20. Ng3 Bd7 21. b3 c4
22. bxc4 bxc4 23. Bd4 Be5 24. Ra7 Qd6 25. Qa1 Bxd4 26. Qxd4 Rfe8 27. Rc1 Rb4 28.
h3 Rc8 29. Rc3 Rc5 30. Ra8+ Kh7 31. Ne4 Rb1+ 32. Bd1 Nxe4 33. Qxe4+ Qg6 34.
Qxg6+ fxg6 35. Kf1 Rxd1+ 36. Ke2 Rcxd5 37. Ra5 Rxa5 38. Kxd1 Ra2 39. Ke1 Bb5 40.
Kf1 g5 41. g3 Kg6 42. Ke1 Kf5 43. Re3 Rb2 44. Rc3 Rb3 45. Rc2 c3 46. Kd1 Rb1+
47. Rc1 Ba4+ 48. Ke2 Rxc1 0-1

[Event "AUTO-OPEN-4631"]
[Site "http://www.queenalice.com/game.php?id=1867186"]
[Date "2025.12.18"]
[Round "1"]
[White "luhosavi"]
[Black "Esvir"]
[Result "1-0"]
[WhiteElo "2231"]
[BlackElo "2051"]

1. d4 d5 2. Nf3 c5 3. e3 a6 4. b3 Nf6 5. Bb2 Nc6 6. Bd3 e6 7. O-O cxd4 8. exd4
Nb4 9. c4 Nxd3 10. Qxd3 b6 11. Nbd2 g6 12. Rac1 Bg7 13. cxd5 Qxd5 14. Ba3 b5 15.
Rc7 Rb8 16. Re7+ Kd8 17. Qc3 Rb7 18. Qa5+ 1-0

[Event "AUTO-OPEN-4631"]
[Site "http://www.queenalice.com/game.php?id=1867187"]
[Date "2025.12.18"]
[Round "1"]
[White "Esvir"]
[Black "luhosavi"]
[Result "0-1"]
[WhiteElo "2042"]
[BlackElo "2236"]

1. e4 e6 2. d4 d5 3. e5 c5 4. b3 Nc6 5. Nf3 Bd7 6. c4 cxd4 7. cxd5 exd5 8. Nxd4
Nxe5 9. Bf4 Bb4+ 10. Nd2 Qe7 11. Be2 Nd3+ 12. Kf1 Nxf4 13. Qc2 Nxe2 14. Nxe2 Nf6
15. Nc3 Rc8 16. Re1 Be6 17. Ndb1 Bxc3 18. Nxc3 d4 0-1

[Event "AUTO-ELITE-2613"]
[Site "http://www.queenalice.com/game.php?id=1870349"]
[Date "2026.3.12"]
[Round "1"]
[White "JailtonMaster"]
[Black "luhosavi"]
[Result "0-1"]
[WhiteElo "2103"]
[BlackElo "2254"]

1. d4 Nf6 2. c4 e6 3. Nc3 Bb4 4. Bg5 O-O 5. e4 c5 6. e5 cxd4 7. Qxd4 Nc6 8. Qe3
Ng4 9. Qf4 Bxc3+ 10. bxc3 Qa5 11. Qd2 Ngxe5 12. Be2 d5 13. cxd5 exd5 14. Nf3 Nc4
15. Bxc4 dxc4 16. O-O Bg4 17. Be3 Bxf3 18. gxf3 Rad8 19. Qc2 Ne5 20. f4 Nf3+ 21.
Kg2 Qh5 22. Qe4 Qg4+ 0-1

[Event "AUTO-ELITE-2613"]
[Site "http://www.queenalice.com/game.php?id=1870350"]
[Date "2026.3.12"]
[Round "1"]
[White "luhosavi"]
[Black "JailtonMaster"]
[Result "1-0"]
[WhiteElo "2261"]
[BlackElo "2143"]

1. d4 d5 2. Nf3 Nf6 3. e3 c5 4. b3 e6 5. Bd3 Nc6 6. Bb2 Be7 7. Nbd2 O-O 8. O-O
a6 9. c4 dxc4 10. Nxc4 cxd4 11. Nxd4 Nxd4 12. Bxd4 b5 13. Ne5 Bb7 14. Qe2 Qd5
15. f3 Rac8 16. Rac1 Bd6 17. Rxc8 Rxc8 18. f4 Nh5 19. Qf2 f6 20. Nd7 Bxf4 21.
Nb6 Qd6 22. Nxc8 Bxh2+ 23. Kh1 Ng3+ 24. Kxh2 Nxf1+ 25. Kg1 Bxc8 26. Kxf1 e5 27.
Qc2 1-0

[Event "AUTO-ELITE-2613"]
[Site "http://www.queenalice.com/game.php?id=1870355"]
[Date "2026.3.12"]
[Round "1"]
[White "luhosavi"]
[Black "raulzampronha"]
[Result "1-0"]
[WhiteElo "2267"]
[BlackElo "2269"]

1. d4 Nf6 2. Nf3 e6 3. e3 b6 4. Bd3 Bb7 5. O-O Be7 6. b3 O-O 7. Bb2 d5 8. Nbd2
c5 9. c4 Nbd7 10. cxd5 exd5 11. dxc5 Nxc5 12. Bc2 Rc8 13. Rc1 Nfe4 14. Nd4 Bf6
15. f3 Nxd2 16. Qxd2 Re8 17. b4 Ne6 18. Qd3 g6 19. Ba4 Rf8 20. Rxc8 Bxc8 21. Nc6
Bxb2 22. Nxd8 Rxd8 23. Bb3 Bb7 24. f4 Ng7 25. g4 1-0

[Event "AUTO-ELITE-2613"]
[Site "http://www.queenalice.com/game.php?id=1870356"]
[Date "2026.3.12"]
[Round "1"]
[White "raulzampronha"]
[Black "luhosavi"]
[Result "0-1"]
[WhiteElo "2258"]
[BlackElo "2259"]

1. e4 c5 2. Nf3 Nc6 3. d4 cxd4 4. Nxd4 g6 5. Nc3 Bg7 6. Be3 Nf6 7. Bc4 O-O 8.
Bb3 Qa5 9. O-O d6 10. h3 Bd7 11. Re1 Rac8 12. Qd3 a6 13. f4 Nb4 14. Qd2 Qh5 15.
a3 Nc6 16. Nf3 Bxh3 17. gxh3 Qxf3 18. Qg2 Qxg2+ 19. Kxg2 Nh5 20. Kf3 Bxc3 21.
bxc3 Na5 0-1